000 00495nam a2200181 a 4500
001 3903
003 CO-ViMGA
008 141112s2004 ck r 000 u spa d
040 _aCO-ViMGA
_bspa
_cCO-ViMGA
082 0 4 _a636.2 C487
100 1 _aChurch, David C
_954111
245 1 0 _aEl rumiante :
_bfisiología digestiva y nutrición
260 _aZaragoza :
_bAcribia,
_c1993
300 _a641 p : il
650 1 4 _aFISIOLOGIA ANIMAL
650 1 4 _aRUMIANTES - FISIOLOGIA
_954113
942 _2ddc
_cBK
999 _c15921
_d15921